Biblioteca y Centro de Documentación

Control de fronteras y derechos humanos (Registro nro. 47156)

Detalles MARC
000 -CABECERA
Longitud fija campo de control 01262naa a2200349 c 4500
001 - NÚMERO DE CONTROL
Número de control 47156
003 - IDENTIFICADOR DE NÚMERO DE CONTROL
Identificador del número de control ES-MaCES
005 - FECHA Y HORA DE LA ÚLTIMA TRANSACCIÓN
Fecha y hora de la última transacción 20160225130050.0
008 - CAMPO FIJO DE DESCRIPCIÓN FIJA--INFORMACIÓN GENERAL
Códigos de información de longitud fija   160225s2015 sp ||||| t||||||| ||spa d
040 ## - FUENTE DE CATALOGACIÓN
Centro catalogador de origen ES-MaCES
Lengua de catalogación spa
Centro transcriptor ES-MaCES
Centro modificado ES-MaCES
245 00 - MENCIÓN DE TÍTULO
Título Control de fronteras y derechos humanos
Resto del título : más allá de la seguridad
Mención de responsabilidad, etc. Número coordinado por Claudia Jiménez y Mirentxu Jordana
650 #4 - ASIENTO SECUNDARIO DE MATERIA--TÉRMINO DE MATERIA
9 (RLIN) 29805
Término de materia o nombre geográfico como elemento inicial migración internacional
650 #4 - ASIENTO SECUNDARIO DE MATERIA--TÉRMINO DE MATERIA
9 (RLIN) 26677
Término de materia o nombre geográfico como elemento inicial frontera
650 #4 - ASIENTO SECUNDARIO DE MATERIA--TÉRMINO DE MATERIA
9 (RLIN) 30619
Término de materia o nombre geográfico como elemento inicial inmigración ilegal
650 #4 - ASIENTO SECUNDARIO DE MATERIA--TÉRMINO DE MATERIA
9 (RLIN) 28751
Término de materia o nombre geográfico como elemento inicial seguridad
650 #4 - ASIENTO SECUNDARIO DE MATERIA--TÉRMINO DE MATERIA
9 (RLIN) 29496
Término de materia o nombre geográfico como elemento inicial protección de los datos
650 #4 - ASIENTO SECUNDARIO DE MATERIA--TÉRMINO DE MATERIA
9 (RLIN) 29918
Término de materia o nombre geográfico como elemento inicial mecanismo de control
650 #4 - ASIENTO SECUNDARIO DE MATERIA--TÉRMINO DE MATERIA
9 (RLIN) 27046
Término de materia o nombre geográfico como elemento inicial delito
650 #4 - ASIENTO SECUNDARIO DE MATERIA--TÉRMINO DE MATERIA
9 (RLIN) 26635
Término de materia o nombre geográfico como elemento inicial cooperación internacional
650 #4 - ASIENTO SECUNDARIO DE MATERIA--TÉRMINO DE MATERIA
9 (RLIN) 26884
Término de materia o nombre geográfico como elemento inicial México
650 #4 - ASIENTO SECUNDARIO DE MATERIA--TÉRMINO DE MATERIA
9 (RLIN) 26892
Término de materia o nombre geográfico como elemento inicial Perú
650 #4 - ASIENTO SECUNDARIO DE MATERIA--TÉRMINO DE MATERIA
9 (RLIN) 26857
Término de materia o nombre geográfico como elemento inicial Brasil
650 #4 - ASIENTO SECUNDARIO DE MATERIA--TÉRMINO DE MATERIA
9 (RLIN) 26865
Término de materia o nombre geográfico como elemento inicial Colombia
650 #4 - ASIENTO SECUNDARIO DE MATERIA--TÉRMINO DE MATERIA
9 (RLIN) 26752
Término de materia o nombre geográfico como elemento inicial UE
650 #4 - ASIENTO SECUNDARIO DE MATERIA--TÉRMINO DE MATERIA
9 (RLIN) 26964
Término de materia o nombre geográfico como elemento inicial España
653 10 - TÉRMINO DE INDEXACIÓN--NO CONTROLADO
Término no controlado Ciencias Sociales-Políticas
700 1# - ENCABEZAMIENTO SECUNDARIO--NOMBRE PERSONAL
9 (RLIN) 36509
Nombre de persona Jiménez, Claudia
700 1# - ENCABEZAMIENTO SECUNDARIO--NOMBRE PERSONAL
9 (RLIN) 36510
Nombre de persona Jordana, Mirentxu
773 0# - ENTRADA DE DOCUMENTO FUENTE
Itemnumber del ítem fuente 84016
Lugar, editor y fecha de publicación Barcelona CIDOB
Otro identificador del documento 086918
Título Revista CIDOB d'afers internacionals
Número de control del registro relacionado (ES-MaCES)25976
Parte(s) relacionada(s) Nueva ép., n. 111 (dic. 2015) {55/1022 R. 086918} ; 221p.
902 ## - CES. TIPO DE DOCUMENTO
Tipodoc (006$c Sirtex) MON Monográfico de revista
942 ## - ELEMENTOS KOHA
Fuente de clasificaión o esquema Clasificación propia del CES
Koha [por defecto] tipo de item Artículos (1982-2017)
Parte de clasificación Ciencias Sociales Politicas Empresariale

No hay ítems disponibles.

© CES, Consejo Económico y Social de España 2021